01174nam a2200193Ia 4500001001100000003001000011008004100021040002500062041001300087100002000100245007600120250001100196260009200207300002800299500026000327501011400587520026000701650001900961L942-43490IT-CnALBA170116s9999||||xx |||||||||||||| ||und|| aIT-CnALBAcIT-CnALBA aITALIANO aNOVIELLO FRANCO 0aSTUDI LUCANI E MERIDIONALI. MORTE DEL DISCORSO E DISCORSO DELLA MORTE.  a1a ed. a PISTICCIbCENTRO STUDI TRAD. POP. BPC. c1985 [1° Ed.:1985 - Ed.Ling.Originale: 1985] a274 p. (prefazione: 21) aCURATORE NOVIELLO F. TESTIMONIANZA DELLA FASCIA JONICA SUL TEMA. ATTI DEL PRIMO CONVEGNO NAZIONALE DEMOLOGIA LUCANA. SALUTO DEL PRESIDENTE. CRONACHE GIORNALISTICHE. ANTROPOLOGIA DELLA MORTE IN LEVI. BRIENZA R. SICUREZZA DELL'ASSUNTO. OLIVA G. FILOSOFIA DE aSocietà San Paolo EM - Piazza San Paolo, 14 - 12051 ALBA (CN) (non commercial uses only) ® Copyright 2017 aCURATORE NOVIELLO F. TESTIMONIANZA DELLA FASCIA JONICA SUL TEMA. ATTI DEL PRIMO CONVEGNO NAZIONALE DEMOLOGIA LUCANA. SALUTO DEL PRESIDENTE. CRONACHE GIORNALISTICHE. ANTROPOLOGIA DELLA MORTE IN LEVI. BRIENZA R. SICUREZZA DELL'ASSUNTO. OLIVA G. FILOSOFIA DE aSTORIA MODERNA